Estatísticas para Quiz do Mapa da Ásia

Clique aqui para jogar o quiz

Estatísticas Gerais

  • Esse quiz foi jogado 4,300 vezes
  • A pontuação média é 33 de 48

Estatísticas das Respostas

Answer % Correto
China
98%
Japão
94%
Coreia do Sul
93%
Mongólia
93%
Coreia do
Norte
92%
Índia
90%
Indonésia
86%
Arábia Saudita
82%
Taiwan
80%
Filipinas
79%
Sri Lanka
78%
Turquia
78%
Nepal
77%
Omã
75%
Cazaquistão
74%
Maldivas
72%
Vietname
72%
Paquistão
72%
Emir. Árabes
Unidos
70%
Malásia
70%
Irão
70%
Timor Leste
70%
Chipre
69%
Bangladesh
69%
Iraque
69%
Laos
68%
Butão
67%
Tailândia
67%
Iémen
66%
Israel
65%
Afeganistão
65%
Camboja
65%
Singapura
62%
Síria
62%
Birmânia
62%
Catar
60%
Kuweit
60%
Jordânia
59%
Líbano
59%
Brunei
58%
Armênia
57%
Azerbaijão
55%
Bahrein
55%
Uzbequistão
52%
Geórgia
50%
Tajiquistão
48%
Quirguistão
46%
Turquemen-
istão
46%

Distribuição das Pontuações

Percentil de Números Respondidos

Porcentagem de Pessoas com Cada Pontuação

Sua Pontuação Histórica

Você não jogou esse quiz